| 000 | 00823nab a2200253 u 4500 | ||
|---|---|---|---|
| 001 | 19256 | ||
| 003 | HDC | ||
| 007 | cr bn ---aaaaa | ||
| 008 | 210228c20091104xx dr|noo 0 a eng d | ||
| 040 | _aHDC | ||
| 245 | 0 | _aPig, cow or vegetable? USM test gets it right | |
| 260 |
_a[No place] : _b[publisher not identified], _c2009 |
||
| 300 | _a1 online resource | ||
| 336 |
_atext _2rdacontent |
||
| 337 |
_acomputer _2rdamedia |
||
| 338 |
_aonline resource _2rdacarrier |
||
| 650 |
_agelatine capsule _917734 |
||
| 650 |
_apharmaceutical industry _9799 |
||
| 710 | _aHalal Focus | ||
| 856 | _zRequest full-text at [email protected] | ||
| 942 | _2lcc | ||
| 942 | _cNEWS | ||
| 942 | _kNWSO 006192 | ||
| 999 |
_c16572 _d16572 |
||